| 000 | 01102nam a2200229Ia 4500 | ||
|---|---|---|---|
| 003 | OSt | ||
| 005 | 20220923212120.0 | ||
| 006 | a|||||r|||| 00| 0 | ||
| 007 | ta | ||
| 008 | 220922b |||||||| |||| 00| 0 hin d | ||
| 024 | _a150,800 | ||
| 037 | _cTextual | ||
| 040 |
_aARTS _cARTS _bhin |
||
| 041 |
_2hin _ahin |
||
| 082 | _aLA:63832, 152K3 | ||
| 100 | _aबेदी, रामेश | ||
| 245 | 0 |
_aबहेड़ा _b बहेड़ा के विविध रोगो मे उपयोग रासयानिक सधठन प्राप्ति स्थान इतिहास कृषि उद्योग धन्धो मे प्रयोग करने की विस्तृत प्रामाणिक जानकारी |
|
| 246 | _aBaheड़ā: baheड़ā ke vividh rogo me upayog rāsayānik sadhaṭhan prāpti sthān itihās kṛuṣhi udyog dhandho me prayog karane kī vistṛut prāmāṇik jānakārī | ||
| 260 | _c1963 | ||
| 942 |
_hLA:63832, 152K3 _cTEXL _2CC |
||
| 999 |
_c306480 _d306480 |
||